Pursuit games : an introduction to the theory and applications of differential games of pursuit and evasion

Αποθηκεύτηκε σε:
Λεπτομέρειες βιβλιογραφικής εγγραφής
Κύριος συγγραφέας: Hajek, Otomar
Μορφή: Βιβλίο
Γλώσσα:English
Δημοσίευση: Mineola, N.Y. : Dover Publications, 2008.
Θέματα:
Ετικέτες: Προσθήκη ετικέτας
Δεν υπάρχουν, Καταχωρήστε ετικέτα πρώτοι!

MARC

LEADER 00000nam a2200000 a 4500
001 1/112370
008 161125r20081975nyu| ||| |||| ||eng||
020 |a 139780486462837   |q 0486462838  
040 |a GR-MyUa  |b gre  |c GR-MyUa  |e AACR2 
041 0 |a eng 
082 7 |a 519.32   |2 (23)  
100 1 |a Hajek, Otomar. 
245 1 0 |a Pursuit games :   |b an introduction to the theory and applications of differential games of pursuit and evasion /   |c Otomar Hajek.  
260 |a Mineola, N.Y. :   |b  Dover Publications,   |c 2008.  
300 |a xii, 266 σ. :   |b σχέδια ;   |c 22 εκ.  
500 |a "This Dover edition, first published in 2008, is an unabridged, slightly amended republication of the work originally published in 1975 by Academic Press, Inc., New York." 
504 |a Περιέχει ευρετήριο.  
650 0 |a Differential games 
852 |a INST  |b SAMOS  |e 20161125  |h 519.32 HAJ  |p 005300043977  |q 005300043977  |t BK  |y 0 
922 |a 3ΕΛΗ  |b 201610  |c Τμήμα Μαθηματικών/Μεταπτυχιακό  |d Bookpath 
970 |a Κοσιέρης  |b Χρήστος  |z 25-11-2016